000 00776nam a22002297a 4500
005 20210325181218.0
008 s2545 th tha d
020 _a9742779678
041 _atha
050 _aRA790.5 ล218ส 2545
100 0 _aลักขณา สริวัฒน์
245 1 0 _aสุขวิทยาจิตและการปรับตัว
260 3 _aกรุงเทพฯ :
_bโอเดียนสโตร์,
_c2545
300 _a216 หน้า ;
_b 21 ซม.
650 0 4 _aการปรับตัว
650 0 4 _aความฉลาดทางอารมณ์
650 0 4 _aสุขภาพจิต
850 _aNALT
942 _cGB
997 _c000000000011286
998 _aSUKUNYA
999 _c11286
_d11286